LIBRARY & INFORMATION CENTRE, KCAET, TAVANUR

ONLINE PUBLIC ACCESS CATALOGUE (OPAC)

Sudha / (Record no. 675)

MARC details
000 -LEADER
fixed length control field 00434cam a2200169ua 4500
041 ## - LANGUAGE CODE
Language code of text/sound track or separate title mal
082 ## - DEWEY DECIMAL CLASSIFICATION NUMBER
Classification number 894.812308
Item number GOR/SU
100 ## - MAIN ENTRY--AUTHOR NAME
Personal name Gopinathan nair, T.N .
245 ## - TITLE STATEMENT
Title Sudha /
260 ## - PUBLICATION, DISTRIBUTION, ETC. (IMPRINT)
Place of publication Kottayam :
Name of publisher Sahitya Parishad Co Operative Society Limited ,
Year of publication 1966.
300 ## - PHYSICAL DESCRIPTION
Number of Pages 151 ; .
942 ## - ADDED ENTRY ELEMENTS (KOHA)
Koha item type Books
Holdings
Withdrawn status Lost status Damaged status Home library Current library Date acquired Full call number Accession Number Koha item type
Withdrawn     KAUAET Malayalam University 07/04/2012 894.812308 5592 Books
free website counter